<?xml version="1.0" encoding="UTF-8"?>
<record
    xmlns:xsi="http://www.w3.org/2001/XMLSchema-instance"
    xsi:schemaLocation="http://www.loc.gov/MARC21/slim http://www.loc.gov/standards/marcxml/schema/MARC21slim.xsd"
    xmlns="http://www.loc.gov/MARC21/slim">

  <leader>01633nam0a2200337   4500</leader>
  <controlfield tag="001">RU\NLR\bibl\1837048</controlfield>
  <controlfield tag="005">20250616170646.0</controlfield>
  <datafield tag="021" ind1=" " ind2=" ">
    <subfield code="a">RU</subfield>
    <subfield code="b">2011-85399</subfield>
    <subfield code="9">6086</subfield>
  </datafield>
  <datafield tag="035" ind1=" " ind2=" ">
    <subfield code="a">(nilc)RSL-KNO-005068270</subfield>
  </datafield>
  <datafield tag="035" ind1=" " ind2=" ">
    <subfield code="a">(NLR Aleph) 001827529</subfield>
  </datafield>
  <datafield tag="090" ind1=" " ind2=" ">
    <subfield code="a">2092097</subfield>
    <subfield code="c">2092097</subfield>
  </datafield>
  <datafield tag="100" ind1=" " ind2=" ">
    <subfield code="a">20111031d2011    |||y0rusy50      ca</subfield>
  </datafield>
  <datafield tag="101" ind1="0" ind2=" ">
    <subfield code="a">rus</subfield>
  </datafield>
  <datafield tag="102" ind1=" " ind2=" ">
    <subfield code="a">RU</subfield>
  </datafield>
  <datafield tag="105" ind1=" " ind2=" ">
    <subfield code="a">y   |||||||||</subfield>
  </datafield>
  <datafield tag="200" ind1="1" ind2=" ">
    <subfield code="a">&#x41C;&#x43E;&#x43D;&#x443;&#x43C;&#x435;&#x43D;&#x442; &#x432; &#x43F;&#x430;&#x43C;&#x44F;&#x442;&#x44C; &#x41C;&#x430;&#x43B;&#x43E;&#x44F;&#x440;&#x43E;&#x441;&#x43B;&#x430;&#x432;&#x435;&#x446;&#x43A;&#x43E;&#x433;&#x43E; &#x441;&#x440;&#x430;&#x436;&#x435;&#x43D;&#x438;&#x44F; 12 &#x43E;&#x43A;&#x442;&#x44F;&#x431;&#x440;&#x44F; 1812 &#x433;&#x43E;&#x434;&#x430;</subfield>
    <subfield code="e">&#x43A; 200-&#x43B;&#x435;&#x442;&#x43D;&#x435;&#x43C;&#x443; &#x44E;&#x431;&#x438;&#x43B;&#x435;&#x44E; &#x41C;&#x430;&#x43B;&#x43E;&#x44F;&#x440;&#x43E;&#x441;&#x43B;&#x430;&#x432;&#x435;&#x446;&#x43A;&#x43E;&#x433;&#x43E; &#x441;&#x440;&#x430;&#x436;&#x435;&#x43D;&#x438;&#x44F; &#x432; &#x41E;&#x442;&#x435;&#x447;&#x435;&#x441;&#x442;&#x432;&#x435;&#x43D;&#x43D;&#x43E;&#x439; &#x432;&#x43E;&#x439;&#x43D;&#x435; 1812 &#x433;&#x43E;&#x434;&#x430;</subfield>
    <subfield code="f">[&#x430;&#x432;&#x442;.-&#x441;&#x43E;&#x441;&#x442;.: &#x429;&#x435;&#x431;&#x438;&#x43A;&#x43E;&#x432;&#x430; &#x415;. &#x410;.]</subfield>
  </datafield>
  <datafield tag="210" ind1=" " ind2=" ">
    <subfield code="a">&#x41A;&#x430;&#x43B;&#x443;&#x433;&#x430;</subfield>
    <subfield code="c">&#x417;&#x43E;&#x43B;&#x43E;&#x442;&#x430;&#x44F; &#x430;&#x43B;&#x43B;&#x435;&#x44F;</subfield>
    <subfield code="d">2011</subfield>
  </datafield>
  <datafield tag="215" ind1=" " ind2=" ">
    <subfield code="a">62, [1] &#x441;.</subfield>
    <subfield code="c">&#x438;&#x43B;., &#x446;&#x432;. &#x438;&#x43B;., &#x43F;&#x43E;&#x440;&#x442;&#x440;.</subfield>
    <subfield code="d">24</subfield>
  </datafield>
  <datafield tag="604" ind1=" " ind2=" ">
    <subfield code="1">700#1$a&#x410;&#x434;&#x430;&#x43C;&#x438;&#x43D;&#x438;$b&#x410;.$g&#x410;&#x43D;&#x442;&#x43E;&#x43D;&#x438;&#x43E;$f1794 - 1848</subfield>
    <subfield code="1">500##$a&#x41C;&#x43E;&#x43D;&#x443;&#x43C;&#x435;&#x43D;&#x442; &#x432; &#x43F;&#x430;&#x43C;&#x44F;&#x442;&#x44C; &#x41C;&#x430;&#x43B;&#x43E;&#x44F;&#x440;&#x43E;&#x441;&#x43B;&#x430;&#x432;&#x435;&#x446;&#x43A;&#x43E;&#x433;&#x43E; &#x441;&#x440;&#x430;&#x436;&#x435;&#x43D;&#x438;&#x44F; 12 &#x43E;&#x43A;&#x442;&#x44F;&#x431;&#x440;&#x44F; 1812 &#x433;&#x43E;&#x434;&#x430;$2nlr_sh2$3RU\NLR\AUTH\661571387</subfield>
    <subfield code="a">&#x410;&#x434;&#x430;&#x43C;&#x438;&#x43D;&#x438;, &#x410;&#x43D;&#x442;&#x43E;&#x43D;&#x438;&#x43E; (1794 - 1848)</subfield>
    <subfield code="t">&#x41C;&#x43E;&#x43D;&#x443;&#x43C;&#x435;&#x43D;&#x442; &#x432; &#x43F;&#x430;&#x43C;&#x44F;&#x442;&#x44C; &#x41C;&#x430;&#x43B;&#x43E;&#x44F;&#x440;&#x43E;&#x441;&#x43B;&#x430;&#x432;&#x435;&#x446;&#x43A;&#x43E;&#x433;&#x43E; &#x441;&#x440;&#x430;&#x436;&#x435;&#x43D;&#x438;&#x44F; 12 &#x43E;&#x43A;&#x442;&#x44F;&#x431;&#x440;&#x44F; 1812 &#x433;&#x43E;&#x434;&#x430;</subfield>
    <subfield code="9">2095359</subfield>
    <subfield code="3">RU\NLR\AUTH\661571387</subfield>
  </datafield>
  <datafield tag="686" ind1=" " ind2=" ">
    <subfield code="a">&#x429;133(2&#x420;=&#x420;&#x443;&#x441;)5-8&#x410;&#x434;&#x430;&#x43C;&#x438;&#x43D;&#x438;</subfield>
  </datafield>
  <datafield tag="686" ind1=" " ind2=" ">
    <subfield code="a">&#x422;3(2)471-686.112.2&#x43B;6</subfield>
  </datafield>
  <datafield tag="686" ind1=" " ind2=" ">
    <subfield code="a">&#x426;35(2)471.61&#x43B;6</subfield>
  </datafield>
  <datafield tag="702" ind1=" " ind2="1">
    <subfield code="a">&#x429;&#x435;&#x431;&#x438;&#x43A;&#x43E;&#x432;&#x430;</subfield>
    <subfield code="b">&#x415;. &#x410;.</subfield>
    <subfield code="4">220</subfield>
  </datafield>
  <datafield tag="801" ind1=" " ind2="0">
    <subfield code="a">RU</subfield>
    <subfield code="b">RuMoRKP</subfield>
    <subfield code="c">20111031</subfield>
    <subfield code="g">rcr</subfield>
  </datafield>
  <datafield tag="801" ind1=" " ind2="1">
    <subfield code="a">RU</subfield>
    <subfield code="b">&#x420;&#x413;&#x411;</subfield>
    <subfield code="c">20111031</subfield>
  </datafield>
  <datafield tag="801" ind1=" " ind2="2">
    <subfield code="a">RU</subfield>
    <subfield code="b">NLR</subfield>
    <subfield code="c">20111121</subfield>
    <subfield code="g">rcr</subfield>
  </datafield>
  <datafield tag="942" ind1=" " ind2=" ">
    <subfield code="c">BOOK</subfield>
  </datafield>
  <datafield tag="980" ind1=" " ind2=" ">
    <subfield code="a">NB</subfield>
  </datafield>
  <datafield tag="980" ind1=" " ind2=" ">
    <subfield code="a">NBR</subfield>
  </datafield>
  <datafield tag="995" ind1=" " ind2=" ">
    <subfield code="5">2011-11-21</subfield>
    <subfield code="a">ad</subfield>
    <subfield code="b">NLR01</subfield>
    <subfield code="c">NLR01</subfield>
    <subfield code="e">RF8</subfield>
    <subfield code="f">1-1405117</subfield>
    <subfield code="k">2011-7/6137</subfield>
    <subfield code="o">0</subfield>
    <subfield code="r">BOOK</subfield>
    <subfield code="s">201176137_</subfield>
  </datafield>
  <datafield tag="995" ind1=" " ind2=" ">
    <subfield code="5">2011-11-21</subfield>
    <subfield code="a">ad</subfield>
    <subfield code="b">NLR01</subfield>
    <subfield code="c">NLR01</subfield>
    <subfield code="e">RF8</subfield>
    <subfield code="f">3538269</subfield>
    <subfield code="k">2011-7/6137</subfield>
    <subfield code="o">0</subfield>
    <subfield code="r">BOOK</subfield>
    <subfield code="s">201176137_</subfield>
  </datafield>
</record>
